Súčasný stav a perspektívy rozvoja zasielateľstva na Slovensku

Podnikateľská činnosť a úloha zasielateľov. Právna úprava zasielateľstva. Súčasný stav v odbore zasielateľstva v Slovenskej republike. Zameranie zasielateľov na jednotlivý druh dopravy. Perspektívy ďalšieho rozvoja.

Uložené v:
Podrobná bibliografia
Hlavný autor: Buková, Bibiána
Ďalší autori: Dvořáková, Eva
Médium: Kapitola
Jazyk:Slovak
Predmet:
Tagy: Pridať tag
Žiadne tagy, Buďte prvý, kto otaguje tento záznam!

MARC

LEADER 00000naa$a2200000$$$4500
001 0085998
005 20231108134844.7
041 0 |a slo 
044 |a SK 
245 1 0 |a Súčasný stav a perspektívy rozvoja zasielateľstva na Slovensku  |c Bibiána Buková, Eva Dvořáková 
520 |a Podnikateľská činnosť a úloha zasielateľov. Právna úprava zasielateľstva. Súčasný stav v odbore zasielateľstva v Slovenskej republike. Zameranie zasielateľov na jednotlivý druh dopravy. Perspektívy ďalšieho rozvoja. 
610 2 0 |a zásielky poštové 
610 2 0 |a tovar 
610 2 0 |a preprava 
610 2 0 |a legislatíva 
610 2 0 |a Slovensko 
100 1 |a Buková, Bibiána 
700 1 |a Dvořáková, Eva